000 04335 a2200265 4500
999 _c10878
_d10878
020 _a9783031216015
050 _a644.C67
_bCOV 2023
100 _aChapungu, Lazarus
_eeditor
245 _aThe COVID-19 - health systems nexus :
_bemerging trends, issues and dynamics in Zimbabwe
264 _aCham :
_b Springer,
_c 2023
300 _axxii, 306 pages:
336 _2rda content
_atext
_btxt
337 _2rda media
_aunmediated
_bn
338 _2rda carrier
_avolume
_bnc
440 _aGlobal perspectives on health geography, 2522-8013
500 _an/a
504 _aIncludes bibliographical references and index
505 _a Part 1: Introduction -- Chapter 1: The COVID-19-Health Nexus: Trends and Dynamics -- Part 2: Health system dynamics in a COVID-19 environment -- Chapter 2: The COVID-19 Pandemic in Zimbabwe: A Spatial and Temporal Perspective -- Chapter 3: Public Safety and Health Systems in the Context of Covid-19 in Zimbabwe: Gaps and Prospects -- Chapter 4: Devolution as Health Governance Paradigm Amidst the Covid-19 Pandemic in Zimbabwe: Convergences and Divergences -- Chapter 5: The Global COVID-19 Pandemic: A Strategic Opportunity for Operationalizing One Health Approach in Zimbabwe -- Chapter 6: An Analysis of the Dynamics of COVID-19 Pandemic in Zimbabwe Using the Extended SEIR Model with Treatment and Quarantine -- Chapter 7: Indigenous health practices and lifestyles: Can they help Zimbabwe transform its health systems in the face of Covid-19 pandemic? -- Chapter 8: Virtual communities in supporting access to health services during COVID-19 pandemic: The Implications and Impacts on Zimbabwes health system -- Part 3: COVID-19 restrictive measures and related impacts -- Chapter 9: Decongesting global cities as part of Health Reform in the era of COVID-19: Impacts and implications for Zimbabwe -- Chapter 10: Deciphering Synergies and Tradeoffs Between COVID-19 Measures and the Progress Towards SDG 15: Implications on Health Systems in Zimbabwe -- Chapter 11: The Impact of COVID-19 on Economic Development in Zimbabwe: Implications on the Health Delivery System -- Part 4: Vaccine uptake and diplomacy -- Chapter 12: COVID-19 Vaccination Hesitancy. Interrogating the Trends, Dynamics and Implications for the Health Delivery System in Zimbabwe -- Chapter 13: The Complexities of Public Health Communication on COVID-19 Vaccination in Social Media. Implications on Zimbabwes Health System -- Chapter 14: COVID-19 vaccine diplomacy: Tracking the Chinese, Indian and Russian global pathways and undertones -- Part 5: Conclusion -- Chapter 15: The COVID-19-Health Systems Nexus: Conclusions, Emerging trends, Key findings and Policy implications
520 _aThis contributed volume presents a collection of empirical studies examining how the COVID-19 pandemic interacted with and impacted Zimbabwes health sector. Zimbabwe was hit particularly hard by the pandemic, with a case fatality ratio that fluctuated but reached as high as 9.90% in late June, 2021. COVID-19 exposed and highlighted a plethora of structural weaknesses in the country, including an incapacitated health management system. The studies presented in the book show that the pandemic disrupted the preventative, curative and rehabilitative services within Zimbabwes health sector. This has impacted and will likely continue to impact population health outcomes and further exacerbate the issues that previously existed in a very fragile healthcare system that was struggling to cope with its disease burden even before the pandemic. The book contributes to an emerging literature profiling how health systems manage (or fail to manage) global pandemics. It aims to be a distinctive source of information toward the implementation of practical solutions to problems associated with COVID-19. The volume takes a multidisciplinary approach toward practical, policy-oriented strategies to tackle the pandemic and confront our "new normal." The studies presented here will be useful to anyone interested in the mitigation, containment and ultimately preemption of the emergence of future pandemics
650 _aCOVID-19 Pandemic, 2020
_x Zimbabwe.
650 _aHealth services administration
_xZimbabwe.
700 _a David Chikodzi
_eeditor
700 _a Kaitano Dube
_eeditor
942 _2lcc
_cBK
_h644.C67
_iCOV
_kRA